[Event "Norway Masters blitz 10th"]
[Site "Stavanger"]
[Date "2022.05.30"]
[Round "5"]
[White "Vachier Lagrave, Maxime"]
[Black "Topalov, Veselin"]
[Result "0-1"]
[WhiteElo "2750"]
[BlackElo "2730"]
[PlyCount "80"]
[EventDate "2022.05.30"]
[EventType "tourn (blitz)"]
[EventRounds "9"]
[EventCountry "NOR"]
[EventCategory "21"]
[SourceTitle "CBM 209"]
[Source "ChessBase"]
[SourceDate "2022.08.31"]
[SourceVersion "1"]
[SourceVersionDate "2022.08.31"]
[SourceQuality "1"]

1. e4 c5 2. Nf3 d6 3. d4 cxd4 4. Nxd4 Nf6 5. Nc3 Nc6 6. Bc4 Qb6 7. Nxc6 bxc6 8. 0-0 g6 9. b3 Bg7 10. Bb2 0-0 11. Qe1 Qc7 12. f4 d5 13. exd5 cxd5 14. Bd3 Ba6 15. Bxa6 Qb6+ 16. Kh1 Qxa6 17. Qxe7 d4 18. Qe2 Qc6 19. Nb5 Rfe8 20. Qd3 Ng4 21. Nxd4 Qc5 22. c3 Re3 23. Qd2 Rae8 24. h3 Qh5 25. Rae1 Bxd4 26. cxd4 Rxh3+ 27. gxh3 Qxh3+ 28. Kg1 Rxe1 29. Rxe1 Qg3+ 30. Kf1 Nh2+ 31. Qxh2 Qxh2 32. Ba1 Qxf4+ 33. Ke2 h5 34. Kd3 h4 35. d5 Qf3+ 36. Kc4 g5 37. Be5 h3 38. d6 f6 39. Bd4 Qc6+ 40. Bc5 h2 0-1

[Event "Salamanca Masters 4th"]
[Site "Salamanca"]
[Date "2021.12.18"]
[Round "7"]
[White "Topalov, Veselin"]
[Black "Matnadze, Ana"]
[Result "0-1"]
[WhiteElo "2730"]
[BlackElo "2423"]
[PlyCount "125"]
[EventDate "2021.12.15"]
[EventType "tourn"]
[EventRounds "7"]
[EventCountry "ESP"]
[EventCategory "12"]
[SourceTitle "CBM 205 Extra"]
[Source "ChessBase"]
[SourceDate "2022.01.31"]
[SourceVersion "1"]
[SourceVersionDate "2022.01.31"]
[SourceQuality "1"]

1. e4 c5 2. Nf3 d6 3. d4 cxd4 4. Nxd4 Nf6 5. Nc3 Nc6 6. Bg5 e6 7. Qd2 Qb6 8. Bxf6 gxf6 9. Nb3 a6 10. f4 Bd7 11. 0-0-0 Rc8 12. Kb1 h5 13. h4 Rg8 14. Rh3 Qa7 15. Re3 b5 16. g3 b4 17. Ne2 e5 18. Bg2 a5 19. Bf3 a4 20. Nbc1 Na5 21. b3 Rh8 22. Rd3 Bc6 23. Bg2 Nb7 24. Bh3 Rc7 25. Bf5 Be7 26. Rd5 Bxd5 27. exd5 Qa5 28. Nd3 axb3 29. cxb3 Qxd5 30. Nxb4 Qxd2 31. Rxd2 Nc5 32. Nd5 Ra7 33. b4 Ne6 34. Rc2 Kf8 35. Rc8+ Kg7 36. Rxh8 Kxh8 37. Kb2 Bd8 38. Kb3 Ng7 39. Bc8 Ra8 40. Bd7 f5 41. a4 Ne6 42. Bc6 Rc8 43. Bb5 exf4 44. Ndxf4 Bf6 45. Bc4 Re8 46. Nd5 Nd4+ 47. Nxd4 Bxd4 48. a5 Rg8 49. Bd3 Rxg3 50. Kc4 Rg4 51. Bxf5 Rxh4 52. Kb5 Rh2 53. Kc6 Rf2 54. Bd7 h4 55. a6 f5 56. Ne7 h3 57. Kxd6 h2 58. Bc6 f4 59. Ng6+ Kg7 60. Nh4 f3 61. Nf5+ Kf6 62. Nxd4 h1Q 63. a7 0-1

[Event "Salamanca Masters 4th"]
[Site "Salamanca"]
[Date "2021.12.16"]
[Round "3"]
[White "Topalov, Veselin"]
[Black "Cramling, Pia"]
[Result "1-0"]
[WhiteElo "2730"]
[BlackElo "2452"]
[PlyCount "161"]
[EventDate "2021.12.15"]
[EventType "tourn"]
[EventRounds "7"]
[EventCountry "ESP"]
[EventCategory "12"]
[SourceTitle "CBM 205 Extra"]
[Source "ChessBase"]
[SourceDate "2022.01.31"]
[SourceVersion "1"]
[SourceVersionDate "2022.01.31"]
[SourceQuality "1"]

1. e4 c5 2. Nf3 Nf6 3. Nc3 d5 4. exd5 Nxd5 5. Ne5 Nf6 6. g3 e6 7. Bg2 Be7 8. 0-0 0-0 9. d3 Nbd7 10. Nxd7 Qxd7 11. Re1 Rb8 12. Bf4 Bd6 13. Bg5 Be7 14. Bf4 Bd6 15. Be3 e5 16. Bg5 Ne8 17. Ne4 b6 18. a4 Be7 19. Bxe7 Qxe7 20. a5 Bf5 21. axb6 axb6 22. Nc3 f6 23. f4 Nc7 24. fxe5 fxe5 25. Qe2 Rbe8 26. Kh1 Qd6 27. Ne4 Qg6 28. c3 Bg4 29. Qe3 h6 30. Nd2 Qh5 31. Ra7 Re7 32. Rb7 Bh3 33. Bf3 Bg4 34. Be4 Ref7 35. Kg1 Ne6 36. Rxb6 Rf2 37. h4 Ng5 38. Bg6 Rxd2 39. Bxh5 Nf3+ 40. Qxf3 Bxf3 41. Bxf3 Rxf3 42. Rxe5 Rxg3+ 43. Kf1 Rh3 44. Kg1 Rg3+ 45. Kf1 Rh3 46. Kg1 Rhxd3 47. Rxc5 Rg3+ 48. Kf1 Rh3 49. Ke1 Rg2 50. Rf5 Rxh4 51. Rf2 Re4+ 52. Kf1 Rg5 53. b4 Rg3 54. Rc6 Rd3 55. b5 Re5 56. c4 Rd1+ 57. Kg2 Rg5+ 58. Kf3 Rc1 59. Ke4 Re1+ 60. Kd3 Rg3+ 61. Kd4 Rg4+ 62. Kc5 Rc1 63. Kb4 Rb1+ 64. Ka5 Rc1 65. b6 Rg5+ 66. Ka6 Ra1+ 67. Kb7 h5 68. c5 h4 69. Rh2 Ra4 70. Rc8+ Kh7 71. c6 Rg6 72. c7 Rb4 73. Rh8+ Kxh8 74. c8Q+ Kh7 75. Qc5 Rbxb6+ 76. Qxb6 Rxb6+ 77. Kxb6 g5 78. Kc5 Kg6 79. Kd4 Kf5 80. Ke3 Kg4 81. Rg2+ 1-0

[Event "Cap d'Agde Karpov Blitz Final 19th"]
[Site "Cap d'Agde"]
[Date "2021.11.06"]
[Round "5.1"]
[White "Sengupta, Deep"]
[Black "Topalov, Veselin"]
[Result "1/2-1/2"]
[WhiteElo "2506"]
[BlackElo "2730"]
[PlyCount "109"]
[EventDate "2021.11.06"]
[EventType "tourn"]
[EventRounds "6"]
[EventCountry "FRA"]
[EventCategory "13"]
[SourceTitle "CBM 205 Extra"]
[Source "ChessBase"]
[SourceDate "2022.01.31"]
[SourceVersion "1"]
[SourceVersionDate "2022.01.31"]
[SourceQuality "1"]

1. e4 c5 2. Nf3 d6 3. d4 cxd4 4. Nxd4 Nf6 5. Nc3 Bd7 6. Bg5 e6 7. Qd2 a6 8. f4 h6 9. Bxf6 Qxf6 10. Nf3 Qd8 11. Bc4 Nc6 12. Bb3 Qc7 13. f5 0-0-0 14. 0-0-0 Be7 15. fxe6 fxe6 16. e5 Nxe5 17. Kb1 Nxf3 18. gxf3 d5 19. Rhe1 Bf6 20. f4 Kb8 21. Ne2 Rhe8 22. Nd4 e5 23. fxe5 Rxe5 24. Rxe5 Qxe5 25. Qg2 Qe4 26. Qxe4 dxe4 27. Ne6 Bxe6 28. Rxd8+ Bxd8 29. Bxe6 Kc7 30. Bd5 e3 31. Kc1 g5 32. Bf3 b5 33. Kd1 Kd6 34. Ke2 Bb6 35. b4 Ke5 36. c3 Kf4 37. Bb7 a5 38. Bc6 axb4 39. cxb4 Bd4 40. Bxb5 Bc3 41. a3 Bb2 42. a4 Bc3 43. a5 Bxb4 44. a6 Bc5 45. Bd7 g4 46. Be8 Kg5 47. Bf7 h5 48. Be8 h4 49. Bd7 h3 50. Bc8 Kh4 51. Bd7 g3 52. hxg3+ Kxg3 53. Bc6 Kh2 54. Kf1 Kg3 55. Ke2 1/2-1/2

[Event "Cap d'Agde Karpov Trophy Final"]
[Site "Cap d'Agde"]
[Date "2021.11.05"]
[Round "2.1"]
[White "Topalov, Veselin"]
[Black "Moroni, Luca Jr"]
[Result "1-0"]
[WhiteElo "2730"]
[BlackElo "2580"]
[PlyCount "81"]
[EventDate "2021.11.04"]
[EventType "k.o. (rapid)"]
[EventRounds "2"]
[EventCountry "FRA"]
[SourceTitle "CBM 205 Extra"]
[Source "ChessBase"]
[SourceDate "2022.01.31"]
[SourceVersion "1"]
[SourceVersionDate "2022.01.31"]
[SourceQuality "1"]

1. e4 e5 2. Nf3 Nc6 3. Bb5 a6 4. Ba4 d6 5. c3 Bd7 6. d4 g6 7. Bg5 f6 8. Be3 Bh6 9. Qd2 Bxe3 10. Qxe3 Qe7 11. Nbd2 Kf8 12. Bb3 Kg7 13. 0-0-0 Na5 14. Bc2 b5 15. h3 Nh6 16. d5 Nb7 17. a3 a5 18. b4 Nd8 19. Kb2 Ndf7 20. g4 Ng5 21. Ne1 axb4 22. cxb4 c5 23. f3 Rhc8 24. Nb1 cxb4 25. axb4 Rc4 26. Bb3 Rxb4 27. Nc2 Rc4 28. Bxc4 bxc4 29. Nc3 Rb8+ 30. Kc1 Rb3 31. Kd2 f5 32. gxf5 gxf5 33. Rdg1 f4 34. Qe2 Kh8 35. h4 Nh3 36. Ra1 Qd8 37. Ra7 Rb8 38. Qg2 Ng8 39. Rxh3 Nf6 40. Rh1 Qb6 41. Qg1 1-0

[Event "Cap d'Agde Karpov Trophy Final"]
[Site "Cap d'Agde"]
[Date "2021.11.04"]
[Round "1.2"]
[White "Topalov, Veselin"]
[Black "Dardha, Daniel"]
[Result "1-0"]
[WhiteElo "2730"]
[BlackElo "2525"]
[PlyCount "67"]
[EventDate "2021.11.04"]
[EventType "k.o. (rapid)"]
[EventRounds "2"]
[EventCountry "FRA"]
[SourceTitle "CBM 205 Extra"]
[Source "ChessBase"]
[SourceDate "2022.01.31"]
[SourceVersion "1"]
[SourceVersionDate "2022.01.31"]
[SourceQuality "1"]

1. e4 c5 2. Nf3 Nc6 3. Nc3 e5 4. Bc4 Be7 5. d3 d6 6. a4 Nf6 7. Bg5 0-0 8. Bxf6 Bxf6 9. Nd5 Be6 10. c3 a6 11. h4 Kh8 12. Ne3 Ne7 13. Bxe6 fxe6 14. Ng5 Bxg5 15. hxg5 Qe8 16. g3 Qg6 17. Qg4 d5 18. Rh2 c4 19. 0-0-0 cxd3 20. Rdh1 dxe4 21. Rxh7+ Kg8 22. Nc4 d2+ 23. Kd1 Qxh7 24. Qxe6+ Kh8 25. Rxh7+ Kxh7 26. Qxe7 Rxf2 27. Nxe5 e3 28. g6+ Kh8 29. Nf7+ Kg8 30. Qxe3 Rh2 31. Qe6 Rf8 32. Nh6+ Kh8 33. Qg8+ Rxg8 34. Nf7# 1-0

[Event "Cap d'Agde Karpov Trophy Final"]
[Site "Cap d'Agde"]
[Date "2021.11.04"]
[Round "1.3"]
[White "Topalov, Veselin"]
[Black "Dardha, Daniel"]
[Result "1-0"]
[WhiteElo "2730"]
[BlackElo "2525"]
[PlyCount "87"]
[EventDate "2021.11.04"]
[EventType "k.o. (rapid)"]
[EventRounds "2"]
[EventCountry "FRA"]
[SourceTitle "CBM 205 Extra"]
[Source "ChessBase"]
[SourceDate "2022.01.31"]
[SourceVersion "1"]
[SourceVersionDate "2022.01.31"]
[SourceQuality "1"]

1. e4 c5 2. Nf3 Nc6 3. Nc3 e5 4. Bc4 Be7 5. d3 d6 6. a4 Nf6 7. Bg5 a6 8. Bxf6 Bxf6 9. Nd5 Be6 10. c3 Rb8 11. Ne3 0-0 12. 0-0 Bd7 13. g3 g6 14. Nd2 Bg7 15. Bb3 Kh8 16. Ndc4 Bh3 17. Re1 b5 18. axb5 axb5 19. Nd2 Qd7 20. Ra6 f5 21. exf5 gxf5 22. Qh5 f4 23. Nd5 Bg4 24. Qh4 fxg3 25. hxg3 Bf5 26. Ne4 c4 27. dxc4 bxc4 28. Ba4 Qf7 29. Nxd6 Qxd5 30. Nxf5 Rxf5 31. Bxc6 Qd2 32. Rf1 Qe2 33. Qe4 Qh5 34. g4 Rg5 35. Bd7 Qf7 36. Ra8 Rf8 37. Rxf8+ Bxf8 38. Bf5 h5 39. f3 Bc5+ 40. Kg2 Qe7 41. Re1 Rg7 42. Qxe5 Qh4 43. Qxc5 Qxe1 44. Qf8+ 1-0

[Event "Cap d'Agde Karpov Trophy"]
[Site "Cap d'Agde"]
[Date "2021.11.02"]
[Round "11"]
[White "Dardha, Daniel"]
[Black "Topalov, Veselin"]
[Result "0-1"]
[WhiteElo "2527"]
[BlackElo "2730"]
[PlyCount "168"]
[EventDate "2021.10.29"]
[EventType "tourn (rapid)"]
[EventRounds "14"]
[EventCountry "FRA"]
[EventCategory "12"]
[SourceTitle "CBM 205"]
[Source "ChessBase"]
[SourceDate "2021.12.31"]
[SourceVersion "1"]
[SourceVersionDate "2021.12.31"]
[SourceQuality "1"]

1. e4 e5 2. Nf3 Nc6 3. Bc4 Bc5 4. c3 Nf6 5. d4 exd4 6. e5 d5 7. Bb5 Ne4 8. cxd4 Bb6 9. Nc3 0-0 10. Be3 f5 11. exf6 Nxf6 12. Bxc6 bxc6 13. Ne5 Qd6 14. 0-0 Ba6 15. Re1 c5 16. dxc5 Bxc5 17. Bxc5 Qxc5 18. Qa4 Qb6 19. Qb3 Qd6 20. Rad1 Rab8 21. Qa3 Rfe8 22. Qxd6 cxd6 23. Nc6 Rxe1+ 24. Rxe1 Rxb2 25. f3 Bc4 26. Ne7+ Kf8 27. Nf5 Rc2 28. Nd1 Bxa2 29. Nde3 Rb2 30. Rc1 Rb1 31. Rxb1 Bxb1 32. Nxd6 a5 33. Nb5 a4 34. Na3 d4 35. Nec4 Ba2 36. Nd6 d3 37. Kf2 Nd5 38. Ke1 Ke7 39. Ne4 Ne3 40. Nc3 Bb3 41. Kd2 Nxg2 42. Kxd3 Kd6 43. Kd4 Nh4 44. Ne4+ Kc6 45. Nd2 Bd5 46. f4 Nf3+ 47. Nxf3 Bxf3 48. Nc4 Kb5 49. Kc3 Kc5 50. h4 Bd5 51. Ne3 Be6 52. h5 h6 53. f5 Bd7 54. Kd3 Be8 55. Ng4 Bxh5 56. f6 gxf6 57. Nxh6 Kb4 58. Kc2 Ka3 59. Kb1 Kb3 60. Nf5 Bf7 61. Nd6 Bg6+ 62. Ka1 Kb4 63. Kb2 Bd3 64. Ka2 Bc4+ 65. Kb2 Bd5 66. Nf5 a3+ 67. Ka1 Kc5 68. Ng3 Kc6 69. Nf5 Be6 70. Ne7+ Kd6 71. Ng6 f5 72. Nf4 Bf7 73. Ne2 Ke5 74. Kb1 Bc4 75. Nc3 f4 76. Kc2 f3 77. Nd1 Kd4 78. Nf2 Be6 79. Nd1 Bd5 80. Nf2 Ke3 81. Ng4+ Ke2 82. Nf6 a2 83. Kb2 f2 84. Nh5 Kf3 0-1

[Event "Cap d'Agde Karpov Trophy"]
[Site "Cap d'Agde"]
[Date "2021.11.01"]
[Round "9"]
[White "Gozzoli, Yannick"]
[Black "Topalov, Veselin"]
[Result "1/2-1/2"]
[WhiteElo "2602"]
[BlackElo "2730"]
[PlyCount "64"]
[EventDate "2021.10.29"]
[EventType "tourn (rapid)"]
[EventRounds "14"]
[EventCountry "FRA"]
[EventCategory "12"]
[SourceTitle "CBM 205"]
[Source "ChessBase"]
[SourceDate "2021.12.31"]
[SourceVersion "1"]
[SourceVersionDate "2021.12.31"]
[SourceQuality "1"]

1. d4 d5 2. c4 c6 3. Nc3 Nf6 4. Nf3 e6 5. Bg5 h6 6. Bxf6 Qxf6 7. e3 Nd7 8. Bd3 g6 9. 0-0 Bg7 10. e4 dxc4 11. Bxc4 0-0 12. Re1 e5 13. d5 Rd8 14. Qc2 Nb6 15. Bb3 Bd7 16. Rad1 Rac8 17. Re3 h5 18. dxc6 Bxc6 19. Red3 Rxd3 20. Qxd3 Qe7 21. Qe3 Rd8 22. Rxd8+ Qxd8 23. h4 a6 24. Qc5 Be8 25. Nxe5 Nd7 26. Nxd7 Qxd7 27. Nd5 Kh7 28. Nc7 Qc6 29. Qxc6 Bxc6 30. Bxf7 Bxe4 31. b3 Be5 32. Ne6 Bb1 1/2-1/2

[Event "Cap d'Agde Karpov Trophy"]
[Site "Cap d'Agde"]
[Date "2021.11.01"]
[Round "10"]
[White "Topalov, Veselin"]
[Black "Bulmaga, Irina"]
[Result "1-0"]
[WhiteElo "2730"]
[BlackElo "2396"]
[PlyCount "85"]
[EventDate "2021.10.29"]
[EventType "tourn (rapid)"]
[EventRounds "14"]
[EventCountry "FRA"]
[EventCategory "12"]
[SourceTitle "CBM 205"]
[Source "ChessBase"]
[SourceDate "2021.12.31"]
[SourceVersion "1"]
[SourceVersionDate "2021.12.31"]
[SourceQuality "1"]

1. e4 c5 2. Nf3 d6 3. d4 cxd4 4. Nxd4 Nf6 5. Nc3 a6 6. Rg1 e5 7. Nb3 Be6 8. g4 h6 9. Qf3 d5 10. exd5 Nxd5 11. Bd2 Nxc3 12. Bxc3 Nc6 13. Rd1 Qc7 14. Qe4 Be7 15. h4 0-0 16. Bd3 f5 17. gxf5 Bxf5 18. Qc4+ Kh8 19. Bxf5 Rxf5 20. Qg4 Rf7 21. Rd7 Qb6 22. Rg2 Rd8 23. h5 Rxd7 24. Qxd7 Qd8 25. Qxb7 Qd5 26. Qc8+ Kh7 27. Qg4 Bg5 28. Kf1 Rf4 29. Qe2 Rh4 30. Qd3+ Qxd3+ 31. cxd3 Rxh5 32. Nc5 a5 33. Rg4 Rh1+ 34. Kg2 Rd1 35. Rc4 Nd4 36. Ne4 Bc1 37. Nc5 Bg5 38. Bxa5 Ne2 39. Kf3 Nd4+ 40. Ke4 Nc6 41. Bc3 Rf1 42. Kf3 h5 43. Ne4 1-0